Hội nghị khoa học lần thứ 20 : Kỷ niệm 50 năm thành lập trường ĐHBK Hà Nội 1956-2006
Gardado en:
| Autor Corporativo: | |
|---|---|
| Formato: | Libro |
| Idioma: | Undetermined |
| Publicado: |
Hà Nội
Bách khoa Hà Nội
2006
|
| Những chủ đề: | |
| Các nhãn: |
Engadir etiqueta
Sen Etiquetas, Sexa o primeiro en etiquetar este rexistro!
|
| Thư viện lưu trữ: | Trung tâm Học liệu Trường Đại học Cần Thơ |
|---|
| LEADER | 00692nam a2200205Ia 4500 | ||
|---|---|---|---|
| 001 | CTU_129771 | ||
| 008 | 210402s9999 xx 000 0 und d | ||
| 082 | |a 607.2 | ||
| 082 | |b Tr561 | ||
| 110 | |a Trường Đại học Bách khoa Hà Nội | ||
| 245 | 0 | |a Hội nghị khoa học lần thứ 20 : | |
| 245 | 0 | |b Kỷ niệm 50 năm thành lập trường ĐHBK Hà Nội 1956-2006 | |
| 245 | 0 | |c Trường Đại học Bách khoa Hà Nội | |
| 260 | |a Hà Nội | ||
| 260 | |b Bách khoa Hà Nội | ||
| 260 | |c 2006 | ||
| 650 | |a Technology | ||
| 650 | |x Research | ||
| 904 | |i Tuyến | ||
| 980 | |a Trung tâm Học liệu Trường Đại học Cần Thơ | ||